Ресурсосберегающая технология при производстве деталей машин и инструмента: сборник научных трудов

Detalhes bibliográficos
Autor Corporativo: Ташкентский политехнический ин-т им. Абу Райхана Беруни
Outros Autores: Чекуров В. В. (редактор)
Idioma:russo
Publicado em: Ташкент, Изд-во ТашПИ, 1987
Assuntos:
Formato: Livro
KOHA link:https://koha.lib.tpu.ru/cgi-bin/koha/opac-detail.pl?biblionumber=257115

MARC

LEADER 00000nam0a2200000 4500
001 257115
005 20231101233156.0
020 |a RU  |b 88-2522 
035 |a (RuTPU)RU\TPU\book\279882 
090 |a 257115 
100 |a 20140414d1987 k a0rusy5003 ca 
101 0 |a rus 
102 |a RU 
105 |a a z 001zy 
200 1 |a Ресурсосберегающая технология при производстве деталей машин и инструмента  |e сборник научных трудов  |f Ташкентский политехнический ин-т им. Абу Райхана Беруни ; под ред. В. В. Чекурова 
210 |a Ташкент  |c Изд-во ТашПИ  |d 1987 
215 |a 78 с.  |c ил. 
320 |a Библиогр. в конце ст. 
606 1 |a Машиностроение  |x Экономия материалов  |2 stltpush  |3 (RuTPU)RU\TPU\subj\41497  |9 61287 
610 1 |a ресурсосберегающие технологии 
610 1 |a детали машин 
610 1 |a инструмент 
610 1 |a производство 
675 |a 621.004.18  |z rus 
702 1 |a Чекуров  |b В. В.  |4 340 
712 0 2 |a Ташкентский политехнический ин-т им. Абу Райхана Беруни 
801 0 |a RU  |b RuMRKP  |c 19950417  |g psbo 
801 1 |a RU  |b 63413507  |c 20140414 
801 2 |a RU  |b 63413507  |c 20141125  |g RCR 
942 |c BK